Statistics for Geography By Letter: E

Click here to take the quiz!

General Stats

  • This quiz has been taken 51 times
  • The average score is 9 of 12

Answer Stats

HintAnswer% Correct
Country once ruled by pharaohsEgypt
98%
Europe and Asia combined is calledEurasia
96%
Capital city of ScotlandEdinburgh
93%
Monument in FranceEiffel Tower
91%
Tiny country bordering IndonesiaEast Timor
87%
Formerly SwazilandEswatini
87%
Major River in TurkeyEuphrates
70%
UAE’s top-level administrative divisions are calledEmirates
67%
Moai and Rapa NuiEaster Island
63%
The energy capital of GermanyEssen
63%
Country in a different year than rest of the worldEthiopia
57%
Province of the PhilippinesEastern Samar
7%

Score Distribution

Percentile by Number Answered

Percent of People with Each Score

Your Score History

You have not taken this quiz